| 000 | 00885nam a2200229Ia 4500 | ||
|---|---|---|---|
| 001 | 292 | ||
| 005 | 20251203123025.0 | ||
| 008 | 251203t2000||||xx |||||||||||||| ||spa|| | ||
| 020 | _a9972617130 | ||
| 041 | _aESP | ||
| 082 |
_a909.82 _bT22 |
||
| 100 |
_aTarrida, Joan, _cdirector |
||
| 245 | 0 |
_aEl siglo XX de El Comercio : _bTomos 1-10 |
|
| 260 |
_aBarcelona : _bPlaza & Janés Editores, _c2000 |
||
| 300 |
_a185 páginas : _b ilustraciones, fotografías ; _c 29 cm. _e |
||
| 440 |
_a _n _v |
||
| 505 | _aContiene: Tomo 1. 1900-1909; Tomo 2. 1910-1919; Tomo 3. 1920-1929; Tomo 4. 1930-1939; Tomo 5. 1940-1949; Tomo 6. 1950-1959; Tomo 7. 1960-1969; Tomo 8. 1970-1979; Tomo 9. 1980-1989; Tomo 10. 1990-1999. | ||
| 650 | _aGEH | ||
| 653 | _aHistoria universal - Siglo XX; Noticias (Periodismo) - Perú - Siglo XX; El Comercio (Periódico) | ||
| 654 | _aCTP | ||
| 942 |
_cLIB _dJUS _fMAT _2ddc _n |
||
| 999 |
_c292 _d292 |
||